• 首页
  • 本馆介绍
  • 公告通知
  • 最新文献
  • 馆藏检索
  • 电子资源
  • 读者导购
  • 参考咨询
  • 我的图书馆
  • 登录
  • 详细信息显示
  • 放入我的书架
  • 预约/预借图书
  • 作者相关作品
  • 分类相关作品
  • 丛书相关作品
  • 出版社相关作品

书目信息

  • 表格格式
  • 工作单格式
  • 卡片格式
题名:
周恩来教育文选
    
 
作者: 周恩来 著 ;中央教育科学研究所 编
分册:  
出版信息: 北京   教育科学出版社  1984
页数: 260页
开本: 21cm
丛书名:
单 册:
中图分类: D2-0 , G4-52
科图分类:
主题词: 著作-周恩来-教育理论 , 教育理论-著作-周恩来
电子资源:
ISBN:
000 00855nam0 2200289 45
001 0184005399
005 20040429143950.4
010    @dCNY1.60
091    @a15235.112
100    @a19950627d1984 emky0chiy0121 ea
101 0  @achi
102    @aCN@b110000
105    @af z 000yy
106    @ar
200 10 @a周恩来教育文选@Azhou en lai jiao yu wen xuan@f周恩来著@g中央教育科学研究所编
210    @a北京@c教育科学出版社@d1984
215    @a260页@c肖像及照片@d21cm
600  0 @a周恩来@x著作@x教育理论
606    @a著作-周恩来-教育理论
606    @a教育理论-著作-周恩来
690    @aD2-0@v3
690    @aG4-52
701  0 @a周恩来@Azhou en lai@4著
712 02 @a中央教育科学研究所@Azhong yang jiao yu ke xue yan jiu suo@4编
801  0 @aCN@b上海图书馆@c20040429
801  2 @aCN@bNLC@c20040429
905    @f2@b137609-610@f1@b137612@dG4-52@e6
    
    周恩来教育文选/周恩来著/中央教育科学研究所编.-北京:教育科学出版社,1984
    260页:肖像及照片;21cm
    
    
    ISBN :CNY1.60
    
●
相关链接 在E读中查询图书 在五车中查询图书 在当当中查询图书 在豆瓣中查询图书


正题名:周恩来教育文选     索取号:G4-52/6         预约/预借

序号 登录号 条形码 馆藏地/架位号 状态 备注
1 0137609   000310158   密集书库/ [索取号:G4-52/6] 在馆    
2 0137610   000310149   密集书库/ [索取号:G4-52/6] 在馆    
3 0137612   000310167   密集书库/ [索取号:G4-52/6] 在馆    
4 0137613   002058748   第一样本阅览室/ [索取号:G4-52/6] 在馆    
唐山师范学院图书馆 欢迎您!
大连网信软件有限公司© 版权所有